Análisis de requerimientos, diseño y construcción de un simulador de lluvia, portátil, para la cuantificación de la infiltración, escorrentía y erosión
Gespeichert in:
| 1. Verfasser: | |
|---|---|
| Weitere Verfasser: | |
| Format: | Buch |
| Veröffentlicht: |
[San José, Costa Rica]
2009
|
| Schlagworte: | |
| Tags: |
Tag hinzufügen
Keine Tags, Fügen Sie den ersten Tag hinzu!
|
MARC
| LEADER | 00000nam a2200000Ia 4500 | ||
|---|---|---|---|
| 003 | 001269 | ||
| 005 | 20230906154809.0 | ||
| 008 | 140114s2009 cr a 000 ||s d | ||
| 040 | |c cru CEDI | ||
| 090 | |a TFG 5792 | ||
| 100 | |a Monge Jeremías, Roberto, 1978- |9 1415 | ||
| 245 | |a Análisis de requerimientos, diseño y construcción de un simulador de lluvia, portátil, para la cuantificación de la infiltración, escorrentía y erosión | ||
| 260 | |a [San José, Costa Rica] |c 2009 | ||
| 300 | |a vi, 96 hojas; ilustraciones a color | ||
| 500 | |a Tesis (licenciatura en ingeniería agrícola)--Universidad de Costa Rica. Facultad de Ingeniería. Escuela de Ingeniería Agrícola | ||
| 501 | |a Director de Tesis de Graduación: Ing. José Francisco Aguilar Pereira. M.Sc. | ||
| 650 | |x SIMULADORES DE LLUVIA-DISEÑO Y CONSTRUCCION |x EROSION DE SUELOS |x ESCURRIMIENTO |x PERMEABILIDAD DE SUELOS |9 3998 | ||
| 700 | |9 1416 |a Aguilar Pereira, José Francisco, 1967- |d Director del TFG | ||
| 942 | |c CEDI | ||
| 999 | |c 16443 |d 16443 | ||
